000 01186cam a2200289 4500
002 6857
008 000000n2002 000 0 eng u
020 _a0728203936
035 _a(Sirsi) u120989
041 _aeng.
050 _a333.332
_c18
100 _aHavard, Tim
245 _aInvestment property valuation today
250 _a2nd ed.
260 _aLondon
_bEstates Gazette
_c2002
300 _avii, 132p.
_c22cm.
350 _a25
520 _aA reformatted edition of the text first published in 2000 by Chandos Publishing (ISBN 1902375378). Provides simple descriptions of the techniques involved in investment property valuation. Clarification is given through the use of extensive representative examples. The text is primarily aimed at property professionals working in the fields of asset valuation, investment appraisal and advice, portfolio management and landlord and tenant work.
650 _aVALUATION TECHNIQUES
650 _aDISCOUNTED CASH FLOW
650 _aSHORT LEASES
650 _aBREAK CLAUSES
650 _aOVER-RENTED PROPERTY
650 _aPROPERTY INVESTMENT
690 _aVALUATION AND INVESTMENT APPRAISAL-COMMERCIAL
942 _n0
999 _c102595
_d102595